header

The road to martyrs' square (Record no. 220617)

MARC details
000 -LEADER
fixed length control field 03083nam a2200385 a 4500
082 04 - DEWEY DECIMAL CLASSIFICATION NUMBER
Classification number 956.9405/4
100 1# - MAIN ENTRY--AUTHOR NAME
Personal name Oliver, A. M.
245 14 - TITLE STATEMENT
Title The road to martyrs' square
260 ## - PUBLICATION, DISTRIBUTION, ETC. (IMPRINT)
Place of publication New York :
Name of publisher Oxford University Press,
Year of publication 2005.
300 ## - PHYSICAL DESCRIPTION
Number of Pages xxiii, 214 p. :
Other physical details ill.
505 0# - FORMATTED CONTENTS NOTE
Formatted contents note Saint Yasin -- Welcome to planet X-- Look with your ears, my friend -- Lunch with Hasan -- A complete darkness -- The disciple (Hahaha) -- A minor jihad -- The gharqad tree -- The evil incident -- The brotherhood -- Splits in the brain -- The miracle sheikh -- The mechanical waving hand of a keffiyah-clad manikin -- Soldier in Chinese hat, planning escape -- The sweet girl -- The antidote -- A babe in the womb -- The crazy girl -- The dark room -- Walls, maze, prison -- An entire cosmology -- A question of style -- It doesn't matter when or how I am killed -- Martyr on a black horse -- Terror in their hearts -- We are worth nothing without a machine-gun -- Children, but they are men and heroes -- Al-Aqsa massacre video -- Blood, blood, blood -- A collaborator breaker accused of something close to collaboration -- A daring shock of jet-black hair coyly peeking out beneath her veil -- Monkeys and pigs and servants of evil -- The mad dogs of language -- A notice of the end of the world -- A death on the path of God -- The green line -- The fixer -- Ghosts with guns -- The last words of Hamza Abu-Surur -- The smile of the martyr -- A still blue river -- The killing of Haim Nachmani -- The last words of Salah 'Uthman -- A happy man -- The last words of Muhammad al-Hindi -- Intimate of heart -- Al-Hindi and Abu-Surur meet -- Circle and vow, the trainer's soliloquy -- A tourist in the dunya -- A khanjar, floating -- A second appearance -- Any number compared to infinity -- The paradise hotel -- The gun dance -- A few hours later; or, the trail of a dagger.
650 #0 - SUBJECT ADDED ENTRY--TOPICAL TERM
Topical Term Suicide bombers
Topical Term Suicide bombers
Topical Term Terrorism
Topical Term Terrorism
700 1# - ADDED ENTRY--PERSONAL NAME
Personal name Steinberg, Paul F.
856 40 - ELECTRONIC LOCATION AND ACCESS
Uniform Resource Identifier http://site.ebrary.com/lib/rucke/Doc?id=10194770

No items available.

© 2026 Rongo University
Contact us: librarian | system librarian | Rongo university